Find the Secret Message - Statistics

General Stats
  • This quiz has been taken 70 times
  • The average score is 8 of 13
Answer Stats
Hint Answer % Correct
Largest U.S. State Alaska
93%
Name of the yellow part of a chicken egg Yolk
87%
Founder of the Bolshevik Party Vladimir Lenin
72%
Highest grossing movie of all time Avatar
70%
Which African country produces the most oil? Nigeria
66%
Which country was the Khmer Rouge from? Cambodia
64%
Actor of Hermione Granger in Harry Potter Emma Watson
64%
Country which gained independence from Denmark during WWII Iceland
62%
Olympic sport of riding horses Equestrian
61%
In a court room, there is the prosecution and the Defence
46%
The country name means 'great depths' in Spanish Honduras
39%
Secret Word Have A Nice Day
26%
Renault's Formula 1 team rebranded under what new name Alpine
16%
No matching quizzes found
Score Distribution
Percent of People with Each Score
Percentile by Number Answered
Your Score History
You have not taken this quiz